[Event "Titled Tue 10th Jun Early"]
[Site "chess.com INT"]
[Date "2025.06.10"]
[Round "6"]
[White "Bacus, Dharim"]
[Black "Hernandez Jimenez, Alexander Andres"]
[Result "1-0"]
[WhiteTitle "FM"]
[BlackTitle "FM"]
[WhiteElo "2131"]
[BlackElo "2069"]
[WhiteFideId "5201527"]
[BlackFideId "3900452"]
[EventDate "2025.06.10"]

1. e4 c5 2. Nf3 d6 3. d4 cxd4 4. Nxd4 Nf6 5. Nc3 a6 6. Bg5 e6 7. f4 Be7 8. Qf3
Qc7 9. O-O-O b5 10. e5 Bb7 11. Qg3 dxe5 12. fxe5 Ne4 13. Nxe4 Bxe4 14. Bxe7 Qxe7
15. Qxg7 Rf8 16. Bxb5+ axb5 17. Nxb5 Ra6 18. Nd6+ Rxd6 19. Rxd6 Qc7 20. Rxe6+ 1-0

[Event "Titled Tue 10th Jun Early"]
[Site "chess.com INT"]
[Date "2025.06.10"]
[Round "6"]
[White "Madhesh Kumar S"]
[Black "Kawka, Milena"]
[Result "1-0"]
[WhiteTitle "CM"]
[BlackTitle "WCM"]
[WhiteElo "2243"]
[BlackElo "2003"]
[WhiteFideId "25168649"]
[BlackFideId "21095167"]
[EventDate "2025.06.10"]

1. e4 c5 2. Nf3 Nc6 3. b4 cxb4 4. d4 e6 5. d5 exd5 6. exd5 Nce7 7. d6 g6 8. Bb2
f6 9. dxe7 Bxe7 10. Bc4 Qc7 11. Qd5 Nh6 12. O-O Qc6 13. Re1 Qxd5 14. Bxd5 Kf8
15. Nbd2 d6 16. Ne4 Ng4 17. h3 Ne5 18. Nxe5 dxe5 19. f4 exf4 20. Nxf6 Bc5+ 21.
Kh1 Be3 22. Ne4 Bf5 23. Bxh8 Ke7 24. Bf6+ Kd7 25. Rad1 Rc8 26. Bxb7+ 1-0

[Event "Titled Tue 10th Jun Early"]
[Site "chess.com INT"]
[Date "2025.06.10"]
[Round "6"]
[White "Neustroev, Victor"]
[Black "Boramanikar, Tanisha S"]
[Result "1-0"]
[WhiteTitle "FM"]
[BlackTitle "WCM"]
[WhiteElo "2283"]
[BlackElo "1743"]
[WhiteFideId "4144147"]
[BlackFideId "35023454"]
[EventDate "2025.06.10"]

1. e4 c5 2. Nf3 d6 3. d4 cxd4 4. Nxd4 Nf6 5. Nc3 Nc6 6. f3 e5 7. Nb3 Be7 8. Be3
Be6 9. Qd2 O-O 10. O-O-O a5 11. Bb5 Nb4 12. Kb1 d5 13. exd5 Nbxd5 14. Nxd5 Nxd5
15. Bc4 Nxe3 16. Qxe3 Qc8 17. Bxe6 Qxe6 18. Rhe1 f6 19. Nd4 Qf7 20. Nf5 Rfd8 21.
Qb6 Rdc8 22. Rd7 Bc5 23. Qxb7 1-0

[Event "Titled Tue 10th Jun Early"]
[Site "chess.com INT"]
[Date "2025.06.10"]
[Round "6"]
[White "Andrade, Ivan"]
[Black "Manvelyan, Mikayel"]
[Result "0-1"]
[WhiteTitle "FM"]
[BlackTitle "FM"]
[WhiteElo "2144"]
[BlackElo "2362"]
[WhiteFideId "14800039"]
[BlackFideId "13310143"]
[EventDate "2025.06.10"]

1. e4 e5 2. Nf3 Nc6 3. Bb5 a6 4. Ba4 Nf6 5. O-O Nxe4 6. d4 b5 7. Bb3 d5 8. dxe5
Be6 9. c3 Bc5 10. Bc2 O-O 11. Nbd2 Nxf2 12. Rxf2 f6 13. exf6 Bxf2+ 14. Kxf2 Qxf6
15. Kg1 Rae8 16. Nb3 Ne5 17. Nbd4 Bg4 18. Bg5 Bxf3 19. Nxf3 Nxf3+ 20. Qxf3 Qb6+
21. Kh1 Rxf3 22. gxf3 Qf2 0-1

[Event "Titled Tue 10th Jun Early"]
[Site "chess.com INT"]
[Date "2025.06.10"]
[Round "6"]
[White "Naroditsky, Daniel"]
[Black "Komov, Roman"]
[Result "1-0"]
[WhiteTitle "GM"]
[BlackTitle "FM"]
[WhiteElo "2619"]
[BlackElo "2239"]
[WhiteFideId "2026961"]
[BlackFideId "24175714"]
[EventDate "2025.06.10"]

1. e4 c5 2. c3 d5 3. exd5 Nf6 4. Bb5+ Nbd7 5. d4 Nxd5 6. dxc5 e6 7. c6 bxc6 8.
Bxc6 Rb8 9. Bxd5 exd5 10. Ne2 Bc5 11. O-O O-O 12. Nd2 Rb6 13. Nb3 Be7 14. Nf4
Nf6 15. Be3 Ra6 16. Re1 Bf5 17. Bc5 Bd6 18. Bxd6 Rxd6 19. Qd4 Ne4 20. f3 Ng5 21.
Qxa7 Rh6 22. Qe7 Qb6+ 23. Nd4 Rf6 24. Nxd5 Nxf3+ 25. Kh1 Rh6 26. Nxf3 Qxb2 27.
Rad1 Rg6 28. Nf4 Rh6 29. Qxf8+ 1-0

[Event "Titled Tue 10th Jun Early"]
[Site "chess.com INT"]
[Date "2025.06.10"]
[Round "6"]
[White "Jedryczka, Krystian"]
[Black "Mizzi, Jack"]
[Result "0-1"]
[BlackTitle "CM"]
[WhiteElo "2079"]
[BlackElo "2107"]
[WhiteFideId "1109472"]
[BlackFideId "5602521"]
[EventDate "2025.06.10"]

1. e4 c6 2. d4 d5 3. e5 c5 4. c3 Nc6 5. Nf3 cxd4 6. cxd4 a6 7. Nc3 e6 8. Be2 b5
9. O-O Nge7 10. h3 Nf5 11. g4 Nh4 12. Nh2 h5 13. gxh5 Be7 14. Kh1 Qb6 15. Be3
Nf5 16. a4 b4 17. a5 Qa7 18. Na4 Nxa5 19. Nc5 Nc4 20. Qa4+ Bd7 21. Qxb4 Ncxe3
22. fxe3 Nxe3 23. Rf3 Nc2 24. Qa5 Nxa1 25. Qxa1 Bxc5 26. dxc5 d4 27. Bc4 Bc6 28.
Kg2 Qxc5 29. Qa2 Qxe5 0-1

[Event "Titled Tue 10th Jun Early"]
[Site "chess.com INT"]
[Date "2025.06.10"]
[Round "6"]
[White "Azizoglu, Ferzan"]
[Black "Sihite, Chelsie Monica Ignesias"]
[Result "1-0"]
[BlackTitle "WIM"]
[WhiteElo "2055"]
[BlackElo "2223"]
[WhiteFideId "6302726"]
[BlackFideId "7101198"]
[EventDate "2025.06.10"]

1. d4 Nf6 2. c4 b6 3. Nc3 Bb7 4. a3 g6 5. Qc2 d6 6. e4 Bg7 7. Bd3 e5 8. d5 O-O
9. f3 Nh5 10. Nge2 Nd7 11. Be3 Nc5 12. g4 Nxd3+ 13. Qxd3 Nf6 14. h4 h5 15. Bg5
Qd7 16. Bxf6 Bxf6 17. gxh5 Kg7 18. O-O-O Rh8 19. hxg6 fxg6 20. h5 Bg5+ 21. Kb1
Rxh5 22. Rxh5 gxh5 23. Ng3 Kg6 24. Rg1 Qh3 25. Nf5 Kf6 26. Rxg5 1-0

[Event "Titled Tue 10th Jun Early"]
[Site "chess.com INT"]
[Date "2025.06.10"]
[Round "6"]
[White "Mikhalsky, Vladimir"]
[Black "Bartakke, Amardeep S."]
[Result "1-0"]
[BlackTitle "CM"]
[WhiteElo "2219"]
[BlackElo "2116"]
[WhiteFideId "14144352"]
[BlackFideId "5003288"]
[EventDate "2025.06.10"]

1. d4 Nf6 2. c4 e6 3. Nf3 d5 4. g3 Be7 5. Bg2 O-O 6. O-O dxc4 7. Qc2 b5 8. a4 b4
9. Qxc4 a5 10. Ne5 Ba6 11. Qc2 Nd5 12. Rd1 Bd6 13. e4 Nf6 14. Nc4 Bxc4 15. Qxc4
e5 16. dxe5 Bxe5 17. Rxd8 Rxd8 18. Nd2 Rd4 19. Qc2 Nbd7 20. Nf3 Rd6 21. Nxe5
Nxe5 22. f4 Rc6 23. Qb3 Nfg4 24. fxe5 Nxe5 25. Bf4 Re8 26. Rc1 Rxc1+ 27. Bxc1 1-0

[Event "Titled Tue 10th Jun Early"]
[Site "chess.com INT"]
[Date "2025.06.10"]
[Round "6"]
[White "Pranesh, M"]
[Black "Aswath, S"]
[Result "1-0"]
[WhiteTitle "GM"]
[BlackTitle "IM"]
[WhiteElo "2580"]
[BlackElo "2507"]
[WhiteFideId "35028600"]
[BlackFideId "46694919"]
[EventDate "2025.06.10"]

1. Nf3 Nf6 2. g3 b6 3. Bg2 Bb7 4. O-O g6 5. c4 Bg7 6. Nc3 O-O 7. d4 c5 8. d5 d6
9. e4 a6 10. e5 Nfd7 11. e6 fxe6 12. Ng5 e5 13. Ne6 Qe8 14. Nxf8 Nxf8 15. a4
Nbd7 16. h3 Nf6 17. Kh2 h5 18. Bg5 N8h7 19. Be3 Qd7 20. f4 exf4 21. Bxf4 h4 22.
g4 Rf8 23. Qd3 Nxg4+ 24. hxg4 g5 25. Bd2 Rxf1 26. Rxf1 Qxg4 27. Bh3 Be5+ 28. Kh1
Qh5 29. Qf5 Nf6 30. Bxg5 b5 31. axb5 axb5 32. Bxf6 Qxf5 33. Bxf5 Bxf6 34. Be6+
Kg7 35. cxb5 Kg6 36. Ra1 1-0

[Event "Titled Tue 10th Jun Early"]
[Site "chess.com INT"]
[Date "2025.06.10"]
[Round "6"]
[White "Brancaleoni, Maurizio"]
[Black "Uraev, Ivan"]
[Result "0-1"]
[WhiteTitle "FM"]
[BlackTitle "FM"]
[WhiteElo "2185"]
[BlackElo "2194"]
[WhiteFideId "803022"]
[BlackFideId "4192443"]
[EventDate "2025.06.10"]

1. Nf3 c5 2. c4 Nf6 3. Nc3 e6 4. g3 Be7 5. Bg2 O-O 6. O-O a6 7. d4 cxd4 8. Nxd4
Qc7 9. b3 d6 10. Bb2 Nbd7 11. Rc1 Re8 12. e3 Ne5 13. Qe2 Bd7 14. Rfd1 Rac8 15.
f4 Ng6 16. e4 Qb8 17. h3 h5 18. Qf2 b5 19. cxb5 axb5 20. b4 Bf8 21. a3 h4 22.
gxh4 e5 23. fxe5 dxe5 24. Nf5 Bxf5 25. exf5 Nf4 26. Ne2 Rxc1 27. Rxc1 Nd3 28.
Qe3 Nxb2 29. Ng3 Nc4 30. Qf2 e4 31. h5 e3 32. Qe1 Bd6 33. Ne2 Nxh5 34. Bf3 Nf4
35. Nxf4 Bxf4 36. f6 e2 37. Rc3 Bg3 0-1

[Event "Titled Tue 10th Jun Early"]
[Site "chess.com INT"]
[Date "2025.06.10"]
[Round "6"]
[White "Huseynova, Lala"]
[Black "Sapocinic, Semion"]
[Result "0-1"]
[WhiteTitle "WFM"]
[BlackTitle "FM"]
[WhiteElo "2045"]
[BlackElo "2296"]
[WhiteFideId "13431781"]
[BlackFideId "13908693"]
[EventDate "2025.06.10"]

1. e4 c5 2. Nf3 Nc6 3. d4 cxd4 4. Nxd4 Nf6 5. Nc3 e6 6. Ndb5 Bb4 7. a3 Bxc3+ 8.
Nxc3 d5 9. exd5 exd5 10. Bd3 O-O 11. O-O d4 12. Ne4 Nxe4 13. Bxe4 Qf6 14. Qf3
Qxf3 15. Bxf3 Bf5 16. c3 Na5 17. Bf4 Nb3 18. Rad1 Bc2 19. Bd5 dxc3 20. bxc3 Bxd1
21. Rxd1 Nc5 22. Bd6 Rfc8 23. Re1 Re8 24. Rxe8+ Rxe8 25. g3 b6 26. Bf4 Re1+ 27.
Kg2 Rd1 28. c4 Ra1 29. Be3 Rxa3 30. Bd4 a5 31. Kf1 Rd3 0-1

[Event "Titled Tue 10th Jun Early"]
[Site "chess.com INT"]
[Date "2025.06.10"]
[Round "6"]
[White "Vu Quang Quyen"]
[Black "FAWOLE, John Oyeyemi"]
[Result "1-0"]
[WhiteTitle "CM"]
[BlackTitle "FM"]
[WhiteElo "2026"]
[BlackElo "1987"]
[WhiteFideId "12402168"]
[BlackFideId "8501319"]
[EventDate "2025.06.10"]

1. Nf3 c6 2. g3 d5 3. Bg2 Nf6 4. c4 Bf5 5. Qb3 Qc8 6. Nc3 e6 7. O-O Nbd7 8. d3
Bd6 9. Nh4 Bg4 10. e4 d4 11. Na4 Nc5 12. Nxc5 Bxc5 13. e5 Nd7 14. f4 O-O 15. Bd2
f5 16. exf6 Rxf6 17. Rae1 Bd6 18. Bb4 1-0

[Event "Titled Tue 10th Jun Early"]
[Site "chess.com INT"]
[Date "2025.06.10"]
[Round "6"]
[White "Cruz, Bitia"]
[Black "Berikkyzy Alanna"]
[Result "0-1"]
[WhiteTitle "WCM"]
[BlackTitle "WFM"]
[WhiteElo "1696"]
[BlackElo "2080"]
[WhiteFideId "8400644"]
[BlackFideId "13780719"]
[EventDate "2025.06.10"]

1. e4 c5 2. Nf3 Nc6 3. d4 cxd4 4. Nxd4 g6 5. Nc3 Bg7 6. Be3 Nf6 7. f3 d6 8. Bb5
Bd7 9. O-O O-O 10. Qd2 a6 11. Be2 b5 12. a3 Rc8 13. Rad1 Na5 14. b3 Qc7 15. Nb1
e5 16. b4 exd4 17. Bxd4 Nb7 18. Bd3 Be6 19. Qe3 Rfe8 20. e5 Nd5 21. Qf2 dxe5 22.
Bb6 Qxb6 23. Qxb6 Nxb6 24. Be4 Nd8 25. Nd2 Nc6 26. c3 f5 27. Bb1 Nc4 28. Nxc4
Bxc4 29. Rd6 Bxf1 30. Kxf1 Red8 0-1

[Event "Titled Tue 10th Jun Early"]
[Site "chess.com INT"]
[Date "2025.06.10"]
[Round "6"]
[White "Grover, Sahaj"]
[Black "Sarana, Alexey"]
[Result "0-1"]
[WhiteTitle "GM"]
[BlackTitle "GM"]
[WhiteElo "2465"]
[BlackElo "2686"]
[WhiteFideId "5021103"]
[BlackFideId "24133795"]
[EventDate "2025.06.10"]

1. e4 e5 2. Nf3 Nc6 3. Bb5 a6 4. Ba4 Nge7 5. c3 Ng6 6. d4 d5 7. Nxe5 Nxe5 8.
dxe5 b5 9. Bb3 Nxe5 10. Bf4 Nc4 11. exd5 Nxb2 12. Qe2+ Qe7 13. Qxe7+ Bxe7 14.
O-O Bd6 15. Re1+ Kd8 16. Bxd6 cxd6 17. Nd2 Bf5 18. Re3 Re8 19. Rae1 Rxe3 20.
Rxe3 Rc8 21. Nf3 Nc4 22. Re1 Na5 23. Nd4 Bd7 24. Re3 Rc5 25. f4 Nxb3 26. axb3 a5
27. b4 axb4 28. cxb4 Rc4 29. Nf3 Rxb4 30. Ng5 Rxf4 31. g3 Rf5 32. h4 h6 0-1

[Event "Titled Tue 10th Jun Early"]
[Site "chess.com INT"]
[Date "2025.06.10"]
[Round "6"]
[White "Altynbek, Aiaru"]
[Black "Ejsymont, Blanka"]
[Result "1-0"]
[WhiteTitle "WFM"]
[BlackTitle "WCM"]
[WhiteElo "1977"]
[BlackElo "1984"]
[WhiteFideId "13752472"]
[BlackFideId "21088268"]
[EventDate "2025.06.10"]

1. d4 Nf6 2. c4 e6 3. Nf3 d5 4. Nc3 Bb4 5. cxd5 exd5 6. Bg5 Be7 7. e3 c6 8. Bd3
h6 9. Bh4 O-O 10. O-O Bg4 11. h3 Be6 12. Bc2 Nbd7 13. Qd3 Re8 14. Ne5 g5 15. Bg3
Kg7 16. f4 Nxe5 17. dxe5 Ne4 18. Nxe4 Bf5 19. Qe2 Bxe4 20. Bxe4 dxe4 21. f5 f6
22. Rad1 Qb6 23. Qh5 Qxb2 24. Qg6+ Kf8 25. e6 Rad8 26. Qf7# 1-0

[Event "Titled Tue 10th Jun Early"]
[Site "chess.com INT"]
[Date "2025.06.10"]
[Round "6"]
[White "Papaioannou, Dimitrios"]
[Black "Goncharov, Vladimir"]
[Result "1-0"]
[WhiteTitle "CM"]
[WhiteElo "2206"]
[BlackElo "2077"]
[WhiteFideId "25865137"]
[BlackFideId "34162256"]
[EventDate "2025.06.10"]

1. Nf3 Nf6 2. c4 c5 3. Nc3 Nc6 4. g3 d6 5. Bg2 g6 6. O-O Bg7 7. d4 cxd4 8. Nxd4
Bd7 9. Nc2 O-O 10. b3 Qa5 11. Bb2 Qh5 12. e4 Qxd1 13. Rfxd1 Rfc8 14. Rab1 Rab8
15. Ne3 Kf8 16. h3 a6 17. Ncd5 Nxd5 18. exd5 Na7 19. Bxg7+ Kxg7 20. a4 a5 21.
Rd2 Rc7 22. Re1 Nc8 23. Nc2 Kf8 24. Nd4 Nb6 25. g4 Re8 26. Rde2 Bc8 27. f4 Nd7
28. Nb5 Rc5 29. Nxd6 Rd8 30. Rxe7 Kg8 31. Re8+ 1-0

[Event "Titled Tue 10th Jun Early"]
[Site "chess.com INT"]
[Date "2025.06.10"]
[Round "6"]
[White "Izafatava, Kira"]
[Black "Koridze, Lile"]
[Result "0-1"]
[BlackTitle "WFM"]
[WhiteElo "2036"]
[BlackElo "2110"]
[WhiteFideId "13521705"]
[BlackFideId "13612514"]
[EventDate "2025.06.10"]

1. e4 c5 2. Nf3 d6 3. d4 cxd4 4. Nxd4 Nf6 5. Nc3 a6 6. a4 e5 7. Nf3 Be7 8. Bg5
O-O 9. Bxf6 Bxf6 10. Nd5 Be6 11. Bc4 Nc6 12. O-O Rc8 13. Bb3 Bxd5 14. Bxd5 Qb6
15. Bb3 Na5 16. Nd2 Rfd8 17. Bd5 Qxb2 18. Nb3 Nxb3 19. cxb3 b5 20. axb5 axb5 21.
Ra7 Rf8 22. Qd3 b4 23. Qb5 Qd4 24. Qd7 Rcd8 25. Qb7 Kh8 26. Bxf7 Rb8 27. Qd5
Qxa7 0-1

[Event "Titled Tue 10th Jun Early"]
[Site "chess.com INT"]
[Date "2025.06.10"]
[Round "6"]
[White "Banerjee, Supratit"]
[Black "Omariev, Maksim"]
[Result "1-0"]
[WhiteTitle "FM"]
[BlackTitle "FM"]
[WhiteElo "2311"]
[BlackElo "2304"]
[WhiteFideId "2410079"]
[BlackFideId "4193423"]
[EventDate "2025.06.10"]

1. e4 c5 2. c3 Nf6 3. e5 Nd5 4. Nf3 Nc6 5. d4 e6 6. Bc4 cxd4 7. cxd4 d6 8. exd6
Bxd6 9. O-O O-O 10. Nc3 Nxc3 11. bxc3 e5 12. Re1 Bg4 13. h3 Bxf3 14. Qxf3 exd4
15. cxd4 Nxd4 16. Qd3 Nc6 17. Bb2 Qc7 18. Qc3 Bh2+ 19. Kh1 Be5 20. Rxe5 Nxe5 21.
Qxe5 Qxe5 22. Bxe5 Rac8 23. Bb3 Rfe8 24. Bd4 a6 25. Bb6 Re2 26. Rd1 Re7 27. Kh2
g6 28. a4 Kg7 29. a5 h5 30. Rd6 Rc6 31. Rxc6 bxc6 32. Bc4 Re1 33. Bxa6 Rc1 34.
Bb7 c5 35. a6 1-0

[Event "Titled Tue 10th Jun Early"]
[Site "chess.com INT"]
[Date "2025.06.10"]
[Round "6"]
[White "Lai, Duc Minh"]
[Black "Chernyavsky, Alexander"]
[Result "1-0"]
[BlackTitle "FM"]
[WhiteElo "2072"]
[BlackElo "2332"]
[WhiteFideId "12420387"]
[BlackFideId "24131156"]
[EventDate "2025.06.10"]

1. e4 c6 2. d4 d5 3. exd5 cxd5 4. Bd3 Nc6 5. c3 Nf6 6. Bf4 Bg4 7. Qb3 Qd7 8. Nd2
e6 9. Ngf3 Bxf3 10. Nxf3 Bd6 11. Bxd6 Qxd6 12. O-O O-O 13. Rae1 Qc7 14. Qd1 Rae8
15. Ne5 Nxe5 16. Rxe5 Nd7 17. Re3 g6 18. Qg4 e5 19. dxe5 Nxe5 20. Qf4 Re7 21.
Rfe1 Nxd3 22. Qxc7 Rxc7 23. Rxd3 Rd8 24. Red1 Rc5 25. Kf1 b5 26. Rd4 a5 27. Ke2
f6 28. Kd3 Re8 29. Kc2 Re5 30. R1d2 Kf7 31. f4 Rf5 32. g4 1-0

[Event "Titled Tue 10th Jun Early"]
[Site "chess.com INT"]
[Date "2025.06.10"]
[Round "6"]
[White "Le, Tuan Minh"]
[Black "Lazavik, Denis"]
[Result "0-1"]
[WhiteTitle "GM"]
[BlackTitle "GM"]
[WhiteElo "2598"]
[BlackElo "2580"]
[WhiteFideId "12401153"]
[BlackFideId "13515110"]
[EventDate "2025.06.10"]

1. d4 Nf6 2. Nf3 g6 3. Nbd2 d5 4. b4 Bg7 5. e3 O-O 6. Bb2 b6 7. Be2 Bb7 8. O-O
Nbd7 9. c4 c5 10. Qb3 cxd4 11. Bxd4 dxc4 12. Nxc4 Bd5 13. Qb2 Rc8 14. Rac1 e6
15. Nd6 Rxc1 16. Rxc1 Qb8 17. Nb5 Rc8 18. Rxc8+ Qxc8 19. h3 a6 20. Nc3 Bxf3 21.
Bxf3 e5 22. Bxb6 Nxb6 23. Qb3 Bf8 24. Be2 Qb7 25. a3 Kg7 26. g3 h5 27. h4 e4 28.
Bf1 Bd6 29. Bg2 Be5 30. Nxe4 Nxe4 31. Qc2 f5 0-1

[Event "Titled Tue 10th Jun Early"]
[Site "chess.com INT"]
[Date "2025.06.10"]
[Round "6"]
[White "Cardozo Munar, Carlos Eduardo"]
[Black "Dambaev, Dashi"]
[Result "1-0"]
[WhiteTitle "FM"]
[BlackTitle "CM"]
[WhiteElo "2052"]
[BlackElo "2211"]
[WhiteFideId "4409477"]
[BlackFideId "55628494"]
[EventDate "2025.06.10"]

1. d4 Nf6 2. Bg5 Ne4 3. h4 d5 4. Nd2 Bf5 5. Ngf3 c5 6. e3 Nc6 7. c3 Qb6 8. Qb3
Nxd2 9. Nxd2 e6 10. Bb5 c4 11. Qa4 a6 12. Bxc6+ Qxc6 13. Qxc6+ bxc6 14. b3 cxb3
15. axb3 c5 16. O-O Bd6 17. Ra5 cxd4 18. exd4 Bd3 19. Re1 h6 20. Be3 Kd7 21. Nf3
f6 22. Rea1 Rhc8 23. Bd2 Rab8 24. Ne1 Be2 25. b4 Bc4 26. Nc2 e5 27. g3 1-0

[Event "Titled Tue 10th Jun Early"]
[Site "chess.com INT"]
[Date "2025.06.10"]
[Round "6"]
[White "Gonzalez Menendez, Ivan"]
[Black "Mekhitarian, Krikor Sevag"]
[Result "0-1"]
[WhiteTitle "FM"]
[BlackTitle "GM"]
[WhiteElo "2382"]
[BlackElo "2564"]
[WhiteFideId "2226316"]
[BlackFideId "2107660"]
[EventDate "2025.06.10"]

1. e4 c5 2. Nc3 Nc6 3. Nf3 Nf6 4. Bb5 Qc7 5. O-O Nd4 6. Bc4 e6 7. Re1 d6 8. d3
Nc6 9. a4 Be7 10. Bf4 Ng4 11. Nb5 Qb8 12. Bg3 a6 13. Nc3 O-O 14. h3 Nge5 15.
Nxe5 Nxe5 16. Ba2 Qc7 17. f4 Nc6 18. f5 Kh8 19. Qh5 Nd4 20. Rac1 Bd7 21. e5 Nxf5
22. exd6 Nxg3 23. Qg4 Bxd6 0-1

[Event "Titled Tue 10th Jun Early"]
[Site "chess.com INT"]
[Date "2025.06.10"]
[Round "6"]
[White "Saydaliev, Saidakbar"]
[Black "Otdelnov, Kirill"]
[Result "1-0"]
[WhiteTitle "IM"]
[BlackTitle "FM"]
[WhiteElo "2450"]
[BlackElo "2273"]
[WhiteFideId "14203693"]
[BlackFideId "24280216"]
[EventDate "2025.06.10"]

1. d4 d5 2. c4 e6 3. Nf3 Nf6 4. g3 dxc4 5. Bg2 Bb4+ 6. Bd2 a5 7. Qc2 Bxd2+ 8.
Nbxd2 b5 9. b3 cxb3 10. axb3 Bb7 11. O-O Nbd7 12. Rfc1 c6 13. Ne1 O-O 14. Nd3
Qb6 15. e3 Nd5 16. Ne4 N7f6 17. Nd6 Rfd8 18. Nxb7 Qxb7 19. Qxc6 Qxc6 20. Rxc6
Ra7 21. Rc5 Rb8 22. Ne5 Ra6 23. Bf1 Ne4 24. Rxb5 Rxb5 25. Bxb5 Ra8 26. Nc6 Nec3
27. Bc4 f5 28. Rxa5 Rc8 29. Ne7+ Nxe7 30. Bxe6+ Kf8 31. Bxc8 Nxc8 1-0

[Event "Titled Tue 10th Jun Early"]
[Site "chess.com INT"]
[Date "2025.06.10"]
[Round "6"]
[White "Gilfanov, Marat I"]
[Black "Jimenez Salas, Maria Teresa"]
[Result "1-0"]
[WhiteTitle "FM"]
[BlackTitle "WIM"]
[WhiteElo "2343"]
[BlackElo "2170"]
[WhiteFideId "34372164"]
[BlackFideId "3843866"]
[EventDate "2025.06.10"]

1. d4 d5 2. c4 c6 3. Nf3 Nf6 4. Nc3 e6 5. e3 Nbd7 6. Qc2 Be7 7. Bd3 dxc4 8. Bxc4
b5 9. Be2 Bb7 10. O-O a6 11. e4 c5 12. e5 Nd5 13. Nxd5 Bxd5 14. Be3 Rc8 15. Qd2
cxd4 16. Bxd4 Nc5 17. Qe3 O-O 18. Rac1 Nd7 19. a3 Rxc1 20. Rxc1 Qb8 21. h4 Rc8
22. Rd1 Bc5 23. h5 Bxd4 24. Rxd4 Bxf3 25. Rxd7 Bxe2 26. Qxe2 h6 27. Kh2 Rc4 28.
g3 Qb6 29. Qf3 f5 30. exf6 Qc6 31. f7+ Kh7 32. Qxc6 1-0

[Event "Titled Tue 10th Jun Early"]
[Site "chess.com INT"]
[Date "2025.06.10"]
[Round "6"]
[White "Mayorau, Mikita1"]
[Black "Skliarov, Viktor"]
[Result "0-1"]
[WhiteTitle "GM"]
[BlackTitle "IM"]
[WhiteElo "2472"]
[BlackElo "2334"]
[WhiteFideId "13501720"]
[BlackFideId "14106736"]
[EventDate "2025.06.10"]

1. e4 c5 2. Nf3 Nc6 3. Bb5 e6 4. O-O Nge7 5. c3 a6 6. Ba4 b5 7. Bc2 d5 8. exd5
Nxd5 9. d4 cxd4 10. Nxd4 Bb7 11. Re1 Be7 12. Nf3 Qc7 13. Nd4 Nxd4 14. Qxd4 Bf6
15. Qg4 h5 16. Qg3 Qxg3 17. hxg3 h4 18. gxh4 Rxh4 19. Nd2 O-O-O 20. Nf3 Rh5 21.
Be3 Rdh8 22. g3 Rh1+ 23. Kg2 Nxe3+ 24. fxe3 R8h2# 0-1

[Event "Titled Tue 10th Jun Early"]
[Site "chess.com INT"]
[Date "2025.06.10"]
[Round "6"]
[White "Levitan, Judah Nathan"]
[Black "Montano Vicente, Guadalupe"]
[Result "0-1"]
[WhiteTitle "CM"]
[WhiteElo "2266"]
[BlackElo "1938"]
[WhiteFideId "14332639"]
[BlackFideId "5181399"]
[EventDate "2025.06.10"]

1. e4 c5 2. Nf3 d6 3. d4 cxd4 4. Nxd4 Nf6 5. Nc3 a6 6. Be3 e5 7. Nb3 Be6 8. f3
h5 9. Qd2 Be7 10. Be2 Nbd7 11. Nd5 Nxd5 12. exd5 Bf5 13. O-O Rc8 14. c4 b6 15.
Rac1 O-O 16. f4 exf4 17. Bxf4 Bg6 18. Nd4 Ne5 19. Bxe5 dxe5 20. Nc6 Bc5+ 21. Kh1
Rxc6 22. b4 Be7 23. Qd1 Rf6 24. Rxf6 gxf6 25. Bxh5 Bxb4 26. Bxg6 fxg6 27. Qg4
Kg7 28. h4 Rh8 29. Rf1 f5 30. Qg3 Qxh4+ 31. Qxh4 Rxh4+ 32. Kg1 Bc5+ 0-1

[Event "Titled Tue 10th Jun Early"]
[Site "chess.com INT"]
[Date "2025.06.10"]
[Round "6"]
[White "Begunov, Konstantin"]
[Black "Swara Lakshmi S Nair"]
[Result "1-0"]
[WhiteTitle "FM"]
[BlackTitle "WCM"]
[WhiteElo "2325"]
[BlackElo "2187"]
[WhiteFideId "4118510"]
[BlackFideId "25629239"]
[EventDate "2025.06.10"]

1. d4 Nf6 2. c4 g6 3. f3 d5 4. cxd5 Nxd5 5. e4 Nb6 6. Be3 Bg7 7. Nc3 Nc6 8. d5
Na5 9. Bb5+ Bd7 10. Bd4 O-O 11. Bxg7 Kxg7 12. b4 Nac4 13. Bxc4 Nxc4 14. Qd4+ e5
15. Qxc4 a5 16. b5 c6 17. bxc6 bxc6 18. d6 f5 19. Nge2 fxe4 20. Nxe4 Qh4+ 21.
N2g3 Qf4 22. O-O h5 23. Qc1 Qf7 24. h4 Kh8 25. Qh6+ Kg8 26. Rab1 Rab8 27. a4 Qg7
28. Qxg7+ Kxg7 29. Nc5 Bf5 30. Nxf5+ gxf5 31. Ne6+ Kf6 32. Nxf8 Rxf8 33. Rfd1 1-0

[Event "Titled Tue 10th Jun Early"]
[Site "chess.com INT"]
[Date "2025.06.10"]
[Round "6"]
[White "Williams, Simon K"]
[Black "Sahbudak, Baris Cinar"]
[Result "1-0"]
[WhiteTitle "GM"]
[BlackTitle "CM"]
[WhiteElo "2444"]
[BlackElo "2072"]
[WhiteFideId "404454"]
[BlackFideId "26351633"]
[EventDate "2025.06.10"]

1. d4 Nf6 2. Bg5 g6 3. Bxf6 exf6 4. e3 Bg7 5. Ne2 O-O 6. Nf4 d6 7. h4 c6 8. h5
Nd7 9. hxg6 hxg6 10. Nc3 f5 11. Qf3 Re8 12. O-O-O b5 13. Qxc6 b4 14. Ncd5 Rb8
15. Qxd6 Bf8 16. Qc7 Qg5 17. Bc4 Rb7 18. Qc6 Qd8 19. Nxg6 Re6 20. Nde7+ Bxe7 21.
Bxe6 Rb6 22. Nxe7+ Qxe7 23. Qxc8+ Nf8 1-0